STUDI CATTOLICI. NOVENBRE 1985. (Record n. 325871)

Dettagli MARC
000 -LEADER
fixed length control field 01634nas a2200277Ia 4500
001 - CONTROL NUMBER
control field R300-R7277
003 - CONTROL NUMBER IDENTIFIER
control field IT-CnALBA
008 - FIXED-LENGTH DATA ELEMENTS--GENERAL INFORMATION
fixed length control field 170116c99999999xx |||||||||||| ||und||
040 ## - CATALOGING SOURCE
Original cataloging agency IT-CnALBA
Transcribing agency IT-CnALBA
041 ## - LANGUAGE CODE
Language code of text/sound track or separate title ITALIANO
999 ## - SYSTEM CONTROL NUMBERS (KOHA)
Koha Dewey Subclass [OBSOLETE] NO
100 ## - MAIN ENTRY--PERSONAL NAME
Personal name JASCONE PASQUALE
210 ## - ABBREVIATED TITLE
Abbreviated title STUDI CATTOLICI
222 ## - KEY TITLE
Key title STUDI CATTOLICI
245 #0 - TITLE STATEMENT
Title STUDI CATTOLICI. NOVENBRE 1985.
250 ## - EDITION STATEMENT
Edition statement 1a ed.
260 ## - PUBLICATION, DISTRIBUTION, ETC. (IMPRINT)
Place of publication, distribution, etc. ROMA - MILANO
Name of publisher, distributor, etc. ARES EDIZIONI
Date of publication, distribution, etc. 1985 [1° Ed.:1985 - Ed.Ling.Originale: 1985]
300 ## - PHYSICAL DESCRIPTION
Extent 80 p.
310 ## - CURRENT PUBLICATION FREQUENCY
Current publication frequency MENSILE
362 ## - DATES OF PUBLICATION AND/OR SEQUENTIAL DESIGNATION
Dates of publication and/or sequential designation Fascicolo: 297 / Anno: 29 (1985)
500 ## - GENERAL NOTE
General note FILIALE DIVINITÀ DELL'UOMO. USCITA DALL'EMERGENZA E SOCIETÀ CIVILE. ABORTO, POSSIBILITÀ DEL CAMBIAMENTO DELLA LEGGE, CASINI C. URAGANI SU NEW YORK, PALMIERI F. MARGUERITE YOURCENAR, LA STORIA COME ALCHIMIA, RASCHINI M. A. SPERANZA TEOLOGALE DAL SINODO. MONUMENTI AI PROFETI. DANTE E IL PRIMATO DEGLI ULTIMI. CABASILAS E L'ECCLESIOLOGIA ORTODOSSA. IL PENSIERO DELL'OCCIDENTE. TITO BRANOSMA, GIORNALISTA E MARTIRE.
501 ## - WITH NOTE
With note Società San Paolo EM - Piazza San Paolo, 14 - 12051 ALBA (CN) (non commercial uses only) ® Copyright 2017
520 ## - SUMMARY, ETC.
Summary, etc. FILIALE DIVINITÀ DELL'UOMO. USCITA DALL'EMERGENZA E SOCIETÀ CIVILE. ABORTO, POSSIBILITÀ DEL CAMBIAMENTO DELLA LEGGE, CASINI C. URAGANI SU NEW YORK, PALMIERI F. MARGUERITE YOURCENAR, LA STORIA COME ALCHIMIA, RASCHINI M. A. SPERANZA TEOLOGALE DAL SINODO. MONUMENTI AI PROFETI. DANTE E IL PRIMATO DEGLI ULTIMI. CABASILAS E L'ECCLESIOLOGIA ORTODOSSA. IL PENSIERO DELL'OCCIDENTE. TITO BRANOSMA, GIORNALISTA E MARTIRE.
650 ## - SUBJECT ADDED ENTRY--TOPICAL TERM
Topical term or geographic name as entry element TEOLOGIA SOCIALE
942 ## - ADDED ENTRY ELEMENTS (KOHA)
Koha item type RIVISTA
957 ## -
-- 1
999 ## - SYSTEM CONTROL NUMBERS (KOHA)
-- 1
Dati di copia
Withdrawn status Lost status Damaged status Not for loan Home library Current library Date acquired Total Checkouts Full call number Date last seen Price effective from Koha item type Public note
    Buone Condizioni Not For Loan ALBA - Biblioteca ALBA - Biblioteca 16/01/2017   R300-R7277 16/01/2017 16/01/2017 RIVISTA (data import: 16 gennaio 2017) - By Epidotti, Vaglietti.
CREDITS: SOCIETA' SAN PAOLO Via A.Severo, 58 - ROMA (RM) & PERIODICI SAN PAOLO SRL Via Giotto, 36 MILANO & CISF Via Giotto, 36 MILANO & EDIZIONI SAN PAOLO SRL,  Piazza Soncino, 5 CINISELLO BALSAMO (MI) -- ITALY